000 00707nam a2200217Ia 4500
008 191130s2001##################000#0#eng##
020 _a195130073
040 _aACL
_cACL
082 _a152.4 SCH
245 _aAppraisal processes in emotion : theory, methods, research
_cedited by Klaus R. Scherer, Angela Schorr and Tom Johnstone
260 _aOxford
_bOxford University Press
_cc2001
300 _axiv, 478 p. : ill. ; 24 cm
650 _aCognition & Cognitive Psychology
650 _aPhysiological & Neuro-Psychology
700 _aJohnstone, T
700 _aScherer, Klaus R
700 _aSchorr, Angela
990 _a86ab5127ac10000c4ca0a9426419552e
991 _a198373
999 _c372227
_d372227